| 000 | 00619na a2200217 4500 | ||
|---|---|---|---|
| 001 | 18425 | ||
| 003 | MIRAKIL | ||
| 005 | 20181213155035.0 | ||
| 008 | 161118b tu 000 0 | ||
| 035 | _a18425 | ||
| 040 |
_aMilas _btur _cTR-AnCHP |
||
| 041 | _atur | ||
| 082 |
_a342.03 _bA52 1995 |
||
| 090 | _a342.03 A52 1995 | ||
| 245 |
_aAnayasa değişikliği hakkında öneriler _cEge Bölgesi Sanayi Odası |
||
| 260 |
_a[İzmir] _bEge Bölgesi Sanayi Odası _c1995 |
||
| 300 |
_a75 s. _c20 sm. |
||
| 650 |
_aAnayasalar _xTartışmalar _zTürkiye |
||
| 650 |
_aAnayasa değişikliği _zTürkiye |
||
| 942 |
_2ddc _cBKS |
||
| 999 |
_c5395 _d5395 |
||